José de san martín : doctrina, ideas, carácter y genio /
Guardado en:
| Autor Principal: | |
|---|---|
| Formato: | Libro |
| Publicado: |
Buenos Aires :
La Facultad,
1950
|
| Materias: | |
| Etiquetas: |
Agregar Etiqueta
Sin Etiquetas, Sea el primero en etiquetar este registro!
|
| LEADER | 00491nam a22001695a 4500 | ||
|---|---|---|---|
| 001 | CEM.cems004795 | ||
| 005 | 20060217000000.0 | ||
| 008 | 130507s1950##################000#0#####d | ||
| 003 | CEMS | ||
| 082 | 0 | 4 | |a 923 |
| 100 | 1 | |a Ortega, Exequiel Cesar | |
| 245 | 1 | 0 | |a José de san martín : |b doctrina, ideas, carácter y genio / |
| 260 | |a Buenos Aires : |b La Facultad, |c 1950 | ||
| 300 | |a 263 p. | ||
| 653 | |a Biografias | ||
| 653 | |a San martin | ||
| 859 | |a CEMS |b BIB. CEMS - 11 de abril |h 923 |i Sa53or |p 8059.80 |t Ej.1 | ||
